Terminación del contrato de trabajo: tercera parte. Artículo 161 Código del Trabajo y necesidades de la empresa
Bewaard in:
| Hoofdauteur: | |
|---|---|
| Formaat: | Boek |
| Taal: | Spaans |
| Gepubliceerd in: |
Santiago
Metropolitana
2014
|
| Editie: | 1a. ed |
| Reeks: | Doctrina y Jurisprudencia
|
| Onderwerpen: | |
| Tags: |
Voeg label toe
Geen labels, Wees de eerste die dit record labelt!
|
MARC
| LEADER | 00000cam a2200000 a 4500 | ||
|---|---|---|---|
| 001 | UCC0360 | ||
| 003 | CL-VaPUC | ||
| 008 | 170811e20140000cl |||||||||||||||||spa|d | ||
| 020 | |a 9789562861700 | ||
| 082 | 0 | 4 | |a 344.018 |b VAR |2 21 |
| 100 | 0 | |a Vargas Miranda, Rafael Andrés |e author |9 594294 | |
| 245 | 1 | 0 | |a Terminación del contrato de trabajo: tercera parte. Artículo 161 Código del Trabajo y necesidades de la empresa |
| 250 | |a 1a. ed | ||
| 300 | |a 278 p | ||
| 942 | |c BK | ||
| 945 | |d 20170811 15:21:00 |a dcastane | ||
| 260 | |a Santiago |b Metropolitana |c 2014 | ||
| 650 | 0 | |a Contratos de trabajo |9 254966 | |
| 650 | 0 | |a Despido de empleados |9 254967 | |
| 650 | 7 | |a DERECHO LABORAL |2 CL-VaPUC |9 15 | |
| 583 | |a last modification |c 20170811 15:21:00 |k Rodrigo Vera | ||
| 490 | 0 | |a Doctrina y Jurisprudencia | |
| 999 | |c 369216 |d 369214 | ||
| 952 | |0 0 |1 0 |3 erb |4 0 |6 344_018000000000000_VAR_2014 |7 0 |8 A |9 484819 |a BIBDER |b BIBDER |i 5413184 |o 344.018 VAR 2014 |p 5413184 |r 2023-01-25 |w 2019-11-24 |y BK |z Catalogado en:20170811 |k DER | ||